<?xml version="1.0" encoding="UTF-8"?><?xml-stylesheet type="text/xsl" href="static/style.xsl"?><OAI-PMH xmlns="http://www.openarchives.org/OAI/2.0/" xmlns:xsi="http://www.w3.org/2001/XMLSchema-instance" xsi:schemaLocation="http://www.openarchives.org/OAI/2.0/ http://www.openarchives.org/OAI/2.0/OAI-PMH.xsd"><responseDate>2026-06-02T18:21:32Z</responseDate><request verb="GetRecord" identifier="oai:docta.ucm.es:20.500.14352/95317" metadataPrefix="marc">https://docta.ucm.es/rest/oai/request</request><GetRecord><record><header><identifier>oai:docta.ucm.es:20.500.14352/95317</identifier><datestamp>2025-08-28T14:44:37Z</datestamp><setSpec>com_20.500.14352_14</setSpec><setSpec>col_20.500.14352_15</setSpec></header><metadata><record xmlns="http://www.loc.gov/MARC21/slim" xmlns:dcterms="http://purl.org/dc/terms/" xmlns:xsi="http://www.w3.org/2001/XMLSchema-instance" xmlns:doc="http://www.lyncode.com/xoai" xsi:schemaLocation="http://www.loc.gov/MARC21/slim http://www.loc.gov/standards/marcxml/schema/MARC21slim.xsd">
   <leader>00925njm 22002777a 4500</leader>
   <datafield ind2=" " ind1=" " tag="042">
      <subfield code="a">dc</subfield>
   </datafield>
   <datafield ind2=" " ind1=" " tag="720">
      <subfield code="a">García Monleón, Fernando</subfield>
      <subfield code="e">author</subfield>
   </datafield>
   <datafield ind2=" " ind1=" " tag="720">
      <subfield code="a">Danvila Del Valle, Ignacio</subfield>
      <subfield code="e">author</subfield>
   </datafield>
   <datafield ind2=" " ind1=" " tag="720">
      <subfield code="a">Lara, Francisco </subfield>
      <subfield code="e">author</subfield>
   </datafield>
   <datafield ind2=" " ind1=" " tag="260">
      <subfield code="c">2021</subfield>
   </datafield>
   <datafield ind2=" " ind1=" " tag="520">
      <subfield code="a">Over the last years, cryptocurrencies have acquired a growing social and economic interest. The most representative features of this new phenomenon are strong price increases and high volatility. The investigations developed in this field are not excessively numerous nor unanimous. Some researches consider this phenomenon to be a bubble, since they don't agree that the price pattern of the cryptocurrencies is justified or explained by their intrinsic value. The present article aims to provide a theoretical framework for the assessment of these new realities embodied by cryptocurrencies. We have created a model which differentiates two types of cryptocurrencies: the cryptocurrencies meant to fund a specific project, and the cryptocurrencies designed for general or non-specific uses. We will also make a distinction between block chain networks designed to work only with cryptocurrencies from those which admit other tasks. Our model establishes the difference between the value of the currency and that of the network. The result of this research is a theoretical valuation model based on three fundamental categories of cryptocurrencies by purpose or finality.</subfield>
   </datafield>
   <datafield ind1="8" ind2=" " tag="024">
      <subfield code="a">García Monleón, F.; Danvila del Valle, I.; Lara García, F.J. (2021). “Intrinsic value in crypto currencies.” Technological Forecasting &amp; Social Change, vol. 162, pp. 1-9.</subfield>
   </datafield>
   <datafield ind1="8" ind2=" " tag="024">
      <subfield code="a">0040-1625</subfield>
   </datafield>
   <datafield ind1="8" ind2=" " tag="024">
      <subfield code="a">10.1016/j.techfore.2020.120393</subfield>
   </datafield>
   <datafield ind1="8" ind2=" " tag="024">
      <subfield code="a">https://hdl.handle.net/20.500.14352/95317</subfield>
   </datafield>
   <datafield ind1="8" ind2=" " tag="024">
      <subfield code="a">https://doi.org/10.1016/j.techfore.2020.120393</subfield>
   </datafield>
   <datafield ind1="8" ind2=" " tag="024">
      <subfield code="a">https://www.sciencedirect.com/journal/technological-forecasting-and-social-change
</subfield>
   </datafield>
   <datafield ind2="0" ind1="0" tag="245">
      <subfield code="a">Intrinsic value in crypto currencies</subfield>
   </datafield>
</record></metadata></record></GetRecord></OAI-PMH>